| 000 | 00503nam a2200157Ia 4500 | ||
|---|---|---|---|
| 999 |
_c17622 _d17622 |
||
| 082 | _aRP.0265 | ||
| 100 | _aPattayat, Priyanath | ||
| 245 | 0 | _aOrganising the unorganised: a case study of female domestic workers in Delhi | |
| 260 |
_c0 _bIndian Council of Social Science Research, New Delhi |
||
| 300 | _a116 | ||
| 504 | _aincludes appendices and bibliography | ||
| 650 |
_aWomen _vEmployment _zDelhi |
||
| 650 |
_aWomen _vSocio-economic status _zDelhi |
||
| 650 |
_aDomestics _zDelhi |
||
| 942 |
_cRP _2ddc |
||